[Event "MVP-ch Seniors op 13th"]
[Site "Binz"]
[Date "2013.11.30"]
[Round "4"]
[White "Braun, Gottfried"]
[Black "Mueller Clostermann, Bruno"]
[Result "0-1"]
[WhiteElo "2195"]
[BlackElo "2048"]
[PlyCount "134"]
[EventDate "2013.11.27"]
[EventType "swiss"]
[EventRounds "9"]
[EventCountry "GER"]
[SourceTitle "EXT 2015"]
[Source "ChessBase"]
[SourceDate "2014.11.20"]
[SourceVersion "1"]
[SourceVersionDate "2014.11.20"]
[SourceQuality "1"]

1. e4 Nf6 2. Nc3 d5 3. exd5 Nxd5 4. g3 Nxc3 5. bxc3 Qd5 6. Qf3 Qa5 7. Bg2 Nc6 8. Ne2 e5 9. 0-0 Qa4 10. Qe4 Qxe4 11. Bxe4 Bh3 12. Re1 0-0-0 13. d3 Bc5 14. Be3 Bxe3 15. fxe3 h5 16. Bg2 Bxg2 17. Kxg2 h4 18. g4 Ne7 19. c4 f5 20. gxf5 Nxf5 21. Nc3 g5 22. Re2 g4 23. Ne4 Rdf8 24. Kh1 g3 25. h3 Nd6 26. Nxd6+ cxd6 27. Kg2 Kd7 28. c3 Rf7 29. Rf1 Rxf1 30. Kxf1 Rf8+ 31. Kg2 e4 32. dxe4 Ke6 33. Rd2 Rf6 34. Rb2 b6 35. Rd2 Rf7 36. Rb2 Rc7 37. Rb4 Rc6 38. e5 Rc5 39. exd6 Kxd6 40. e4 Ke5 41. Kf3 Rc7 42. Rb5+ Ke6 43. Rh5 Rf7+ 44. Kg2 Rf2+ 45. Kg1 Rf4 46. Rh7 Rxe4 47. Rxa7 Re1+ 48. Kg2 Re2+ 49. Kg1 Rh2 50. Rb7 Rxh3 51. Rxb6+ Kf5 52. Rb8 Rh2 53. Rg8 Rxa2 54. c5 Rc2 55. c6 Rxc3 56. Kg2 Rc2+ 57. Kf3 Rc3+ 58. Kg2 Rxc6 59. Kh3 Rg6 60. Rf8+ Ke4 61. Re8+ Kf3 62. Rf8+ Ke2 63. Re8+ Kf2 64. Rf8+ Kg1 65. Ra8 Rf6 66. Ra1+ Rf1 67. Ra2 Kh1 0-1

[Event "MVP-ch Seniors op 13th"]
[Site "Binz"]
[Date "2013.11.27"]
[Round "1"]
[White "Husser, Oskar"]
[Black "Braun, Gottfried"]
[Result "0-1"]
[WhiteElo "1707"]
[BlackElo "2195"]
[PlyCount "137"]
[EventDate "2013.11.27"]
[EventType "swiss"]
[EventRounds "9"]
[EventCountry "GER"]
[SourceTitle "EXT 2015"]
[Source "ChessBase"]
[SourceDate "2014.11.20"]
[SourceVersion "1"]
[SourceVersionDate "2014.11.20"]
[SourceQuality "1"]

1. Nf3 d6 2. d4 Nf6 3. g3 Nc6 4. d5 Ne5 5. Nxe5 dxe5 6. Bg2 Qd6 7. 0-0 e6 8. e4 exd5 9. exd5 Be7 10. b3 0-0 11. c4 Bf5 12. Re1 Rfe8 13. Bb2 Nd7 14. Nd2 Qb6 15. Be4 Bxe4 16. Nxe4 f5 17. Nc3 Bf6 18. Re2 Nc5 19. Qc2 e4 20. Rae1 Nd3 21. Rd1 Nxb2 22. Qxb2 Rad8 23. Qc2 Be5 24. Na4 Qd6 25. c5 Qg6 26. Qc4 Kh8 27. Nc3 Qg4 28. Red2 Qf3 29. Nb5 e3 30. Qe2 exf2+ 31. Qxf2 Qg4 32. d6 cxd6 33. Nxd6 Bxd6 34. cxd6 h6 35. d7 Rf8 36. Qxa7 f4 37. Qd4 Qg5 38. Rf1 f3 39. Rdf2 Qe7 40. Rd1 Rf7 41. Rfd2 Rxd7 42. Qxd7 Qe3+ 43. Rf2 Rxd7 44. Rxd7 Qe1+ 45. Rf1 f2+ 46. Kg2 Qe4+ 47. Kxf2 Qf5+ 48. Kg1 Qxd7 49. Rf2 Qd4 50. Kg2 Qe4+ 51. Kg1 Kh7 52. Kf1 g5 53. Kg1 Kg6 54. h3 h5 55. Kh2 Qe5 56. Kg2 h4 57. gxh4 gxh4 58. Rf3 Qe4 59. Kf2 Qc2+ 60. Ke3 Kg5 61. Kd4 Qxa2 62. Rd3 Kf4 63. Kc3 Qa5+ 64. Kc2 Ke4 65. Rc3 Qa2+ 66. Kc1 b5 67. Kd1 b4 68. Rc4+ Kd3 69. Ke1 0-1

[Event "Oberliga Ost-A 1213"]
[Site "Germany"]
[Date "2013.04.13"]
[Round "10.4"]
[White "Braun, Gottfried"]
[Black "Pfretzschner, Roland"]
[Result "1/2-1/2"]
[WhiteElo "2259"]
[BlackElo "2264"]
[PlyCount "115"]
[EventDate "2012.10.14"]
[EventType "team-tourn"]
[EventRounds "11"]
[EventCountry "GER"]
[SourceTitle "EXT 2014"]
[Source "ChessBase"]
[SourceDate "2013.11.20"]
[SourceVersion "1"]
[SourceVersionDate "2013.11.20"]
[SourceQuality "1"]
[WhiteTeam "Leipzig SG II"]
[BlackTeam "Plauen Koenig"]
[WhiteTeamCountry "GER"]
[BlackTeamCountry "GER"]

1. e4 e6 2. d4 d5 3. exd5 exd5 4. Nf3 Nc6 5. Bb5 Bd6 6. c4 dxc4 7. 0-0 Nge7 8. Bxc4 0-0 9. h3 Bf5 10. a3 Qd7 11. Re1 Ng6 12. Nc3 h6 13. Be3 Rae8 14. Na4 Nf4 15. Bf1 g5 16. Nc5 Qc8 17. Nd2 Ne7 18. Bxf4 Bxf4 19. Nde4 Kg7 20. Qf3 Ng6 21. Ng3 Bxg3 22. fxg3 b6 23. Na6 Qd7 24. d5 Kg8 25. Qc3 Rxe1 26. Rxe1 Qxd5 27. Nxc7 Qc5+ 28. Qxc5 bxc5 29. Rc1 Rd8 30. Rxc5 Be4 31. Nb5 Rd2 32. Nc3 Bc2 33. Bc4 Rd4 34. Ba2 Bd3 35. Rc7 Ne5 36. Rxa7 Kg7 37. Re7 Kf6 38. Rc7 Bc4 39. Bxc4 Nxc4 40. Rb7 Rd3 41. Ne4+ Ke5 42. Nf2 Rd2 43. a4 f5 44. b3 Ne3 45. Re7+ Kd4 46. Rd7+ Nd5 47. a5 Ra2 48. b4 Kc4 49. Nd3 Ne3 50. Ne5+ Kxb4 51. Rd3 f4 52. gxf4 gxf4 53. Rd4+ Kxa5 54. Rxf4 Rxg2+ 55. Kh1 Rg5 56. Ng4 Nf5 57. Kh2 Kb5 58. Nf2 1/2-1/2

[Event "Leipzig VfB op 20th"]
[Site "Leipzig"]
[Date "2013.03.09"]
[Round "9"]
[White "Braun, Gottfried"]
[Black "Richter, Steffen"]
[Result "1-0"]
[WhiteElo "2253"]
[BlackElo "2026"]
[PlyCount "81"]
[EventDate "2013.03.05"]
[EventType "swiss"]
[EventRounds "9"]
[EventCountry "GER"]
[SourceTitle "EXT 2014"]
[Source "ChessBase"]
[SourceDate "2013.11.20"]
[SourceVersion "1"]
[SourceVersionDate "2013.11.20"]
[SourceQuality "1"]

1. e4 c5 2. c3 d5 3. exd5 Qxd5 4. d4 Nc6 5. Nf3 Bf5 6. Be2 Nf6 7. 0-0 e6 8. Be3 Rd8 9. c4 Qd7 10. dxc5 Qxd1 11. Rxd1 Rxd1+ 12. Bxd1 Ne4 13. Nd4 Nxd4 14. Bxd4 e5 15. Ba4+ Bd7 16. Bxd7+ Kxd7 17. Nc3 Bxc5 18. Bxe5 Nxc3 19. Bxc3 f6 20. Kf1 Kc6 21. Rd1 Re8 22. b4 Bf8 23. f3 Re3 24. Be1 Ra3 25. Rd8 Be7 26. Rg8 Rxa2 27. Rxg7 Bd6 28. Rxh7 Ra1 29. b5+ Kc5 30. Rh4 a5 31. bxa6 bxa6 32. g3 Be5 33. Ke2 Bd4 34. Bd2 Rb1 35. Rh8 Kxc4 36. Rc8+ Kd5 37. Ra8 Ra1 38. h4 Ra2 39. Rd8+ Ke5 40. h5 f5 41. h6 1-0